[Event "Titled Tuesday intern op 24th Sep Late"]
[Site "Chess.com INT"]
[Date "2024.09.24"]
[Round "3"]
[White "Goltseva, Ekaterina"]
[Black "Senthilkumar, Pranav"]
[Result "1-0"]
[WhiteElo "2378"]
[BlackElo "1912"]
[PlyCount "115"]
[EventDate "2024.09.24"]
[EventType "swiss (blitz)"]
[EventRounds "11"]
[EventCountry "USA"]
[SourceTitle "EXT 2025"]
[Source "ChessBase"]
[SourceDate "2024.10.14"]
[SourceVersion "1"]
[SourceVersionDate "2024.10.14"]
[SourceQuality "1"]

1. c4 e5 2. Nc3 Nf6 3. Nf3 Nc6 4. g3 d5 5. cxd5 Nxd5 6. Bg2 Be6 7. d3 Nb6 8. Ng5 Bd7 9. Qb3 Qe7 10. Nd5 Nxd5 11. Bxd5 Nd8 12. Be3 h6 13. Ne4 Qb4+ 14. Bd2 Qxb3 15. Bxb3 Bc6 16. 0-0 Ne6 17. Bxe6 fxe6 18. Rac1 0-0-0 19. Bc3 Bd6 20. f3 Rhf8 21. Kg2 Kd7 22. Nd2 Bd5 23. e4 Bc6 24. Nc4 Bb5 25. Nxe5+ Bxe5 26. Bxe5 c6 27. Bxg7 Rg8 28. Bf6 Rdf8 29. Be5 Ke7 30. Rfd1 Rd8 31. d4 Rdf8 32. Rc3 h5 33. b3 h4 34. a4 Be2 35. Rd2 Ba6 36. d5 exd5 37. exd5 hxg3 38. hxg3 cxd5 39. Re3 Kf7 40. Rxd5 Rd8 41. Rxd8 Rxd8 42. g4 Rd3 43. Rxd3 Bxd3 44. b4 a6 45. a5 Ke6 46. Bd4 Kd5 47. Bc5 Ke6 48. Kg3 Be2 49. f4 Kf6 50. Bd4+ Kg6 51. f5+ Kf7 52. Kf4 Bd3 53. g5 Bb1 54. g6+ Kf8 55. Kg5 Ke7 56. f6+ Kf8 57. f7 Bxg6 58. Kxg6 1-0

[Event "Titled Tuesday intern op 24th Sep Late"]
[Site "Chess.com INT"]
[Date "2024.09.24"]
[Round "1"]
[White "Senthilkumar, Pranav"]
[Black "Perske, Thore"]
[Result "1/2-1/2"]
[WhiteElo "1912"]
[BlackElo "2450"]
[PlyCount "115"]
[EventDate "2024.09.24"]
[EventType "swiss (blitz)"]
[EventRounds "11"]
[EventCountry "USA"]
[SourceTitle "EXT 2025"]
[Source "ChessBase"]
[SourceDate "2024.10.14"]
[SourceVersion "1"]
[SourceVersionDate "2024.10.14"]
[SourceQuality "1"]

1. e4 e6 2. d4 d5 3. Nd2 c5 4. exd5 exd5 5. Ngf3 a6 6. dxc5 Bxc5 7. Nb3 Bb6 8. c3 Nf6 9. Be2 0-0 10. 0-0 Nc6 11. Bf4 Re8 12. Nfd4 Ne4 13. Bf3 Ne5 14. Re1 Qf6 15. Bxe4 Qxf4 16. Bxd5 Bg4 17. Qc2 Re7 18. Re4 Qf6 19. Rae1 Rae8 20. Bxb7 Rxb7 21. f4 Rbe7 22. fxe5 Rxe5 23. Rxe5 Rxe5 24. Rf1 Qd6 25. Kh1 Rh5 26. g3 Re5 27. Qg2 g6 28. Qb7 Re7 29. Qa8+ Kg7 30. Qg2 Bc8 31. Nf3 Bb7 32. Nbd4 Re3 33. Kg1 Bxd4 34. cxd4 Qd5 35. Nh4 Qxd4 36. Qf2 Rd3 37. Qxd4+ Rxd4 38. Rf2 Rd1+ 39. Rf1 Rd2 40. Rf2 Rd3 41. h3 Rxg3+ 42. Kh2 Rd3 43. Ng2 Bxg2 44. Kxg2 f5 45. Rc2 Kh6 46. b3 Kg5 47. a4 Rxb3 48. Rc6 a5 49. Rc5 Ra3 50. Rxa5 h5 51. Ra6 h4 52. a5 Ra2+ 53. Kf3 Ra3+ 54. Kg2 Ra4 55. Kf3 Kh5 56. Kg2 Ra3 57. Ra8 Kg5 58. Ra6 1/2-1/2

[Event "Titled Tuesday intern op 24th Sep Late"]
[Site "Chess.com INT"]
[Date "2024.09.24"]
[Round "9"]
[White "Senthilkumar, Pranav"]
[Black "Schmider, Niklas"]
[Result "0-1"]
[WhiteElo "1912"]
[BlackElo "2379"]
[PlyCount "108"]
[EventDate "2024.09.24"]
[EventType "swiss (blitz)"]
[EventRounds "11"]
[EventCountry "USA"]
[SourceTitle "EXT 2025"]
[Source "ChessBase"]
[SourceDate "2024.10.14"]
[SourceVersion "1"]
[SourceVersionDate "2024.10.14"]
[SourceQuality "1"]

1. e4 e5 2. Nf3 Nc6 3. Bc4 Nf6 4. d3 Bc5 5. c3 d6 6. a4 a6 7. h3 h6 8. Nbd2 Ba7 9. Nf1 Be6 10. Bxe6 fxe6 11. Qb3 Qc8 12. Be3 Bxe3 13. Nxe3 0-0 14. 0-0 Rb8 15. a5 Nh5 16. Qd1 Qe8 17. d4 Nf4 18. Kh2 Qg6 19. dxe5 dxe5 20. Nh4 Qxe4 21. Qg4 h5 22. Qg3 Ne7 23. Rae1 Nd3 24. Re2 Qf4 25. Nd1 Qxg3+ 26. Kxg3 Nf5+ 27. Nxf5 exf5 28. Kh2 Rbd8 29. Ne3 e4 30. Nc4 Rd5 31. f3 exf3 32. Rxf3 Nc5 33. b4 Ne4 34. Ne3 Nxc3 35. Nxd5 Nxe2 36. Nxc7 g6 37. Re3 Nf4 38. Rc3 Rc8 39. Nd5 Rxc3 40. Nxc3 Kf7 41. Kg3 Nd3 42. Na2 Ke6 43. Kf3 Kd5 44. g4 fxg4+ 45. hxg4 Ne5+ 46. Kf4 Nxg4 47. Kg5 Ne5 48. Nc1 Kc4 49. Kf6 Nd3 50. Ne2 h4 51. Kxg6 h3 52. Ng3 h2 53. Kh5 Nf2 54. Nh1 Nxh1 0-1

[Event "Titled Tuesday intern op 24th Sep Late"]
[Site "Chess.com INT"]
[Date "2024.09.24"]
[Round "5"]
[White "Senthilkumar, Pranav"]
[Black "Vaganian, Rafael A"]
[Result "0-1"]
[WhiteElo "1912"]
[BlackElo "2449"]
[PlyCount "76"]
[EventDate "2024.09.24"]
[EventType "swiss (blitz)"]
[EventRounds "11"]
[EventCountry "USA"]
[SourceTitle "EXT 2025"]
[Source "ChessBase"]
[SourceDate "2024.10.14"]
[SourceVersion "1"]
[SourceVersionDate "2024.10.14"]
[SourceQuality "1"]

1. e4 Nf6 2. e5 Nd5 3. d4 d6 4. exd6 cxd6 5. Nf3 g6 6. Bd3 Bg7 7. 0-0 0-0 8. c3 Nc6 9. Re1 h6 10. Nbd2 e5 11. dxe5 dxe5 12. Nf1 Kh7 13. Be4 Be6 14. Ne3 Nxe3 15. Bxe3 Qc7 16. Qc1 f5 17. Bxc6 Qxc6 18. Bd4 exd4 19. Nxd4 Bxd4 20. cxd4 Rfe8 21. Qf4 Bd5 22. Rec1 Qe6 23. Rc7+ Re7 24. Rac1 Rae8 25. h4 Rxc7 26. Rxc7+ Re7 27. h5 Rxc7 28. Qxc7+ Qf7 29. hxg6+ Kxg6 30. Qg3+ Kh7 31. b3 Qg7 32. Qh3 Qg4 33. Qxg4 fxg4 34. Kh2 Kg6 35. Kg3 Kf5 36. f3 gxf3 37. gxf3 h5 38. Kh4 Bxf3 0-1

[Event "Titled Tuesday intern op 17th Sep Late"]
[Site "Chess,com INT"]
[Date "2024.09.17"]
[Round "1"]
[White "Atanasov, Anthony"]
[Black "Senthilkumar, Pranav"]
[Result "1-0"]
[WhiteElo "2392"]
[BlackElo "1912"]
[PlyCount "111"]
[EventDate "2024.09.17"]
[EventType "swiss (blitz)"]
[EventRounds "11"]
[EventCountry "USA"]
[SourceTitle "EXT 2025"]
[Source "ChessBase"]
[SourceDate "2024.10.14"]
[SourceVersion "1"]
[SourceVersionDate "2024.10.14"]
[SourceQuality "1"]

1. d4 Nf6 2. Bf4 e6 3. e3 c5 4. Nf3 Nc6 5. Nc3 Be7 6. Nb5 0-0 7. Bc7 Qe8 8. Nd6 Bxd6 9. Bxd6 Ne7 10. Bxc5 Ne4 11. Ba3 f5 12. Bd3 b6 13. 0-0 Bb7 14. c4 Rf6 15. Bxe4 Bxe4 16. Nd2 Bb7 17. f3 Rh6 18. Qe1 f4 19. e4 Nc6 20. Nb3 a5 21. Rd1 Qh5 22. h3 Rg6 23. Kh2 Ba6 24. Qe2 b5 25. Nc5 b4 26. Nxa6 Rxa6 27. c5 Ra8 28. d5 Ne5 29. Rd2 bxa3 30. bxa3 Rf8 31. Rc1 Rg3 32. Rc3 Rf6 33. Qf1 Qe8 34. c6 dxc6 35. dxc6 Nxc6 36. Qb5 e5 37. Rdc2 Rgg6 38. Qb7 Rd6 39. Rc5 Rge6 40. Rd5 Re7 41. Qb3 Rxd5 42. Qxd5+ Re6 43. Rc5 Kf7 44. a4 Kf6 45. Qb3 Ne7 46. Rxa5 Qf7 47. Ra7 g5 48. Qb8 Kg6 49. Qh8 Qg7 50. Qd8 Kf6 51. a5 Qf7 52. a6 g4 53. fxg4 Qg6 54. Qf8+ Qf7 55. g5+ Kg6 56. Qh6# 1-0

[Event "Titled Tuesday intern op 10th Sep Late"]
[Site "Chess,com INT"]
[Date "2024.09.10"]
[Round "5"]
[White "Senthilkumar, Pranav"]
[Black "Javakhadze, Zurab"]
[Result "0-1"]
[WhiteElo "1912"]
[BlackElo "2417"]
[PlyCount "100"]
[EventDate "2024.09.10"]
[EventType "swiss (blitz)"]
[EventRounds "11"]
[EventCountry "USA"]
[SourceTitle "EXT 2025"]
[Source "ChessBase"]
[SourceDate "2024.10.14"]
[SourceVersion "1"]
[SourceVersionDate "2024.10.14"]
[SourceQuality "1"]

1. e4 c5 2. c3 d5 3. exd5 Qxd5 4. d4 Nf6 5. Nf3 Bg4 6. Na3 Bxf3 7. Bb5+ Nc6 8. Qxf3 Qxf3 9. gxf3 cxd4 10. cxd4 0-0-0 11. Bxc6 bxc6 12. Be3 e6 13. Rc1 Bxa3 14. bxa3 Kd7 15. Rg1 Rhg8 16. Ke2 Rb8 17. Rc2 Nd5 18. Rgc1 Rb6 19. a4 Rgb8 20. a5 Rb2 21. Bd2 Rxc2 22. Rxc2 Rb1 23. h4 h5 24. Be1 Ne7 25. Bd2 Nf5 26. Be3 a6 27. Kd3 Nxh4 28. Ke4 Ng6 29. f4 h4 30. f5 exf5+ 31. Kxf5 Rg1 32. f4 Ne7+ 33. Ke4 Rg3 34. f5 Nd5 35. Bf2 Rg4+ 36. Kf3 Rf4+ 37. Kg2 Ne7 38. Rb2 Nxf5 39. Rb6 h3+ 40. Kxh3 Rxf2 41. Rxa6 Rxa2 42. Ra7+ Ke6 43. Ra8 Nxd4 44. a6 Kf6 45. Kg4 Nb5 46. Kf4 Nc7 47. Ra7 Ra4+ 48. Ke3 Nxa6 49. Kd3 Nc5+ 50. Kc3 Rxa7 0-1

[Event "Titled Tuesday intern op 27th Aug Late"]
[Site "Chess.com INT"]
[Date "2024.08.27"]
[Round "4"]
[White "Senthilkumar, Pranav"]
[Black "Pasti, Aron"]
[Result "0-1"]
[WhiteElo "1912"]
[BlackElo "2370"]
[PlyCount "156"]
[EventDate "2024.08.27"]
[EventType "swiss (blitz)"]
[EventRounds "11"]
[EventCountry "USA"]
[SourceTitle "EXT 2025"]
[Source "ChessBase"]
[SourceDate "2024.10.14"]
[SourceVersion "1"]
[SourceVersionDate "2024.10.14"]
[SourceQuality "1"]

1. Nf3 g6 2. h4 Bg7 3. h5 e5 4. hxg6 hxg6 5. Rxh8 Bxh8 6. d3 d5 7. c4 Be6 8. cxd5 Bxd5 9. Nc3 Bc6 10. Bg5 Bf6 11. Qd2 Nd7 12. 0-0-0 Qe7 13. Bxf6 Ngxf6 14. Kb1 0-0-0 15. e3 Nc5 16. d4 Nce4 17. Nxe4 Bxe4+ 18. Ka1 Bxf3 19. gxf3 exd4 20. exd4 Nd5 21. Bc4 Qf6 22. Bxd5 Rxd5 23. Qe3 b6 24. Rd2 c6 25. a3 Kc7 26. Qe4 Qd6 27. Rc2 Rxd4 28. Rxc6+ Qxc6 29. Qxd4 Qxf3 30. Qe5+ Kb7 31. Qd4 Qf5 32. f4 Qe6 33. Qd3 a5 34. Qf3+ Kc7 35. Qc3+ Kd6 36. Qd4+ Ke7 37. Qf2 Kf6 38. Qd4+ Kf5 39. b4 axb4 40. axb4 Qe1+ 41. Kb2 Qe2+ 42. Kb3 Qf3+ 43. Ka4 Qc6+ 44. Kb3 f6 45. Qd3+ Kxf4 46. Qxg6 b5 47. Qh6+ Kf5 48. Qh5+ Ke6 49. Qg4+ Kd6 50. Qf4+ Ke7 51. Qh4 Qf3+ 52. Kb2 Qe2+ 53. Kb3 Qe3+ 54. Kb2 Qe5+ 55. Kb3 Ke6 56. Qh8 Qe3+ 57. Kb2 Qd2+ 58. Kb3 Qd3+ 59. Kb2 Qd4+ 60. Kb3 Qc4+ 61. Ka3 Qc3+ 62. Ka2 Qxb4 63. Qg8+ Kf5 64. Qh7+ Ke5 65. Qc7+ Kd5 66. Qd7+ Qd6 67. Qxb5+ Ke4 68. Qe2+ Kf5 69. Qf3+ Qf4 70. Qh5+ Ke4 71. Qe8+ Kf3 72. Qc6+ Kg3 73. Qc3+ Kh4 74. Qe1+ Kg5 75. Qg1+ Kf5 76. Qb1+ Qe4 77. Qb5+ Qe5 78. Qe8 Qxe8 0-1

[Event "Titled Tuesday intern op 30th Jul Late"]
[Site "Chess.com INT"]
[Date "2024.07.30"]
[Round "9"]
[White "Senthilkumar, Pranav"]
[Black "Yuan, Qingyu"]
[Result "0-1"]
[WhiteElo "1912"]
[BlackElo "2360"]
[PlyCount "112"]
[EventDate "2024.07.30"]
[EventType "swiss (blitz)"]
[EventRounds "11"]
[EventCountry "USA"]
[SourceTitle "EXT 2025"]
[Source "ChessBase"]
[SourceDate "2024.10.14"]
[SourceVersion "1"]
[SourceVersionDate "2024.10.14"]
[SourceQuality "1"]

1. Nf3 c5 2. b3 d5 3. Bb2 f6 4. e3 e5 5. d4 cxd4 6. exd4 e4 7. Nfd2 f5 8. c4 Nf6 9. cxd5 Bd6 10. Nc3 0-0 11. Nc4 Na6 12. Nxd6 Qxd6 13. Bc4 Nc7 14. Qc1 Re8 15. Ba3 Qd8 16. d6+ Ne6 17. d5 Nf8 18. Nb5 Bd7 19. Nc7 Rc8 20. Nxe8 Qxe8 21. Qd2 Ng6 22. 0-0 f4 23. Bb2 Qf7 24. Rfe1 Re8 25. a4 a6 26. a5 h6 27. Qc2 Bf5 28. f3 Nh4 29. Bxf6 Qxf6 30. fxe4 Bg6 31. Qf2 Kh7 32. Rad1 Re5 33. Qb6 Rg5 34. d7 Rxg2+ 35. Kf1 Qg5 36. d8Q Qg4 37. Be2 f3 38. Qe3 fxe2+ 39. Rxe2 Nf5 40. Qf2 Rxf2+ 41. Kxf2 Qf4+ 42. Ke1 Nh4 43. Qc7 Nf3+ 44. Kf2 Qxc7 45. Kxf3 Bh5+ 46. Ke3 Qc3+ 47. Rd3 Qc5+ 48. Rd4 Bxe2 49. d6 Bb5 50. e5 Qc3+ 51. Ke4 Bc6+ 52. Rd5 Qb4+ 53. Kf5 Bxd5 54. d7 Qe7 55. e6 Bxe6+ 56. Kf4 Bxd7 0-1

[Event "Titled Tuesday intern op 16th Jul Late"]
[Site "Chess.com INT"]
[Date "2024.07.16"]
[Round "9"]
[White "Senthilkumar, Pranav"]
[Black "Asish, Panda"]
[Result "0-1"]
[WhiteElo "1912"]
[BlackElo "1911"]
[PlyCount "98"]
[EventDate "2024.07.16"]
[EventType "swiss (blitz)"]
[EventRounds "11"]
[EventCountry "USA"]
[SourceTitle "EXT 2025"]
[Source "ChessBase"]
[SourceDate "2024.10.14"]
[SourceVersion "1"]
[SourceVersionDate "2024.10.14"]
[SourceQuality "1"]

1. Nf3 d5 2. d4 Nf6 3. c4 e6 4. Nc3 Be7 5. e3 Ne4 6. Nxe4 dxe4 7. Nd2 f5 8. Be2 0-0 9. 0-0 c5 10. Nb3 cxd4 11. Nxd4 a6 12. b3 Bf6 13. Bb2 Qe7 14. Qc1 Nd7 15. b4 Ne5 16. c5 Kh8 17. Qc2 Ng6 18. g3 e5 19. Nb3 Bd7 20. Rfd1 f4 21. Na5 fxe3 22. fxe3 Bg5 23. Bc1 Bf5 24. Bc4 h5 25. Bd5 Rad8 26. Bxb7 Rxd1+ 27. Qxd1 Bg4 28. Qe1 Bh3 29. Bxa6 Qf6 30. Bd2 Qxa6 31. c6 h4 32. Rc1 hxg3 33. hxg3 Ne7 34. c7 Rf1+ 35. Qxf1 Bxf1 36. Rxf1 Qe2 37. Rf7 Qxd2 38. Rxe7 Qc1+ 39. Kg2 Bxe7 40. b5 Qxc7 41. Nc6 Bc5 42. a4 Qf7 43. a5 Qf3+ 44. Kh3 Bxe3 45. Nxe5 Qh5+ 46. Kg2 Qxe5 47. b6 Qxa5 48. b7 Qb6 49. b8Q+ Qxb8 0-1

[Event "Titled Tuesday intern op 16th Jul Late"]
[Site "Chess.com INT"]
[Date "2024.07.16"]
[Round "2"]
[White "Senthilkumar, Pranav"]
[Black "Erigaisi, Arjun Kumar"]
[Result "1/2-1/2"]
[WhiteElo "1912"]
[BlackElo "2778"]
[PlyCount "86"]
[EventDate "2024.07.16"]
[EventType "swiss (blitz)"]
[EventRounds "11"]
[EventCountry "USA"]
[SourceTitle "EXT 2025"]
[Source "ChessBase"]
[SourceDate "2024.10.14"]
[SourceVersion "1"]
[SourceVersionDate "2024.10.14"]
[SourceQuality "1"]

1. Nf3 d6 2. c4 e5 3. d3 f5 4. g3 Be7 5. Bg2 h5 6. h4 Nc6 7. Bg5 Nf6 8. Nc3 Be6 9. Rb1 a5 10. a3 e4 11. dxe4 Nxe4 12. Nxe4 fxe4 13. Nd4 Bd7 14. Bxe4 Bxg5 15. hxg5 Qxg5 16. Nxc6 Bxc6 17. Bxc6+ bxc6 18. Qd2 Qxd2+ 19. Kxd2 a4 20. b4 axb3 21. Rxb3 Kd7 22. Rh4 Ra5 23. Rf4 Re8 24. Rf7+ Re7 25. Rbf3 g5 26. Kc2 g4 27. Rxe7+ Kxe7 28. Rf4 Ke6 29. Kb3 d5 30. Kb4 Ra8 31. a4 Kd6 32. c5+ Ke5 33. Rf7 Rb8+ 34. Kc3 d4+ 35. Kc4 Rb2 36. Rxc7 Rc2+ 37. Kb4 d3 38. exd3 Rxf2 39. a5 Rb2+ 40. Kc4 Rc2+ 41. Kb4 Rb2+ 42. Kc4 Rc2+ 43. Kb4 Rb2+ 1/2-1/2

[Event "Titled Tuesday intern op 16th Jul Late"]
[Site "Chess.com INT"]
[Date "2024.07.16"]
[Round "7"]
[White "Senthilkumar, Pranav"]
[Black "Vazquez, Facundo"]
[Result "0-1"]
[WhiteElo "1912"]
[BlackElo "2384"]
[PlyCount "38"]
[EventDate "2024.07.16"]
[EventType "swiss (blitz)"]
[EventRounds "11"]
[EventCountry "USA"]
[SourceTitle "EXT 2025"]
[Source "ChessBase"]
[SourceDate "2024.10.14"]
[SourceVersion "1"]
[SourceVersionDate "2024.10.14"]
[SourceQuality "1"]

1. Nf3 d5 2. b3 c5 3. Bb2 Nc6 4. e3 f6 5. d4 e6 6. Be2 Nh6 7. 0-0 Nf5 8. c4 cxd4 9. Nxd4 Ncxd4 10. exd4 Bd6 11. cxd5 exd5 12. Bf3 0-0 13. Bxd5+ Kh8 14. Bf3 Nh4 15. Bg4 f5 16. Bh3 Qg5 17. Nd2 Qf4 18. g3 Qxd2 19. gxh4 Qf4 0-1

[Event "Titled Tuesday intern op 09th Jul Late"]
[Site "Chess.com INT"]
[Date "2024.07.09"]
[Round "5"]
[White "Golsefidy, Sepehr"]
[Black "Senthilkumar, Pranav"]
[Result "1-0"]
[WhiteElo "2018"]
[BlackElo "1912"]
[PlyCount "53"]
[EventDate "2024.07.09"]
[EventType "swiss (blitz)"]
[EventRounds "11"]
[EventCountry "USA"]
[SourceTitle "EXT 2025"]
[Source "ChessBase"]
[SourceDate "2024.10.14"]
[SourceVersion "1"]
[SourceVersionDate "2024.10.14"]
[SourceQuality "1"]

1. e4 c5 2. Nf3 e6 3. c3 Nf6 4. e5 Nd5 5. d4 cxd4 6. cxd4 Nc6 7. Nc3 Nxc3 8. bxc3 Qc7 9. Bd3 d6 10. exd6 Bxd6 11. 0-0 0-0 12. Bxh7+ Kxh7 13. Ng5+ Kg6 14. Qd3+ f5 15. Qh3 Bd7 16. Qh7+ Kf6 17. f3 Rh8 18. Ne4+ fxe4 19. fxe4+ Bf4 20. e5+ Nxe5 21. Rxf4+ Ke7 22. Qxg7+ Kd6 23. Qxe5+ Ke7 24. Ba3+ Kd8 25. Qf6+ Kc8 26. Qxh8+ Qd8 27. Rf8 1-0

[Event "Titled Tuesday intern op 09th Jul Early"]
[Site "Chess.com INT"]
[Date "2024.07.09"]
[Round "4"]
[White "Senthilkumar, Pranav"]
[Black "Emeliantsev, Anatoliy"]
[Result "0-1"]
[WhiteElo "1912"]
[BlackElo "2359"]
[PlyCount "73"]
[EventDate "2024.07.09"]
[EventType "swiss (blitz)"]
[EventRounds "11"]
[EventCountry "USA"]
[SourceTitle "EXT 2025"]
[Source "ChessBase"]
[SourceDate "2024.10.14"]
[SourceVersion "1"]
[SourceVersionDate "2024.10.14"]
[SourceQuality "1"]

1. Nf3 Nf6 2. d4 g6 3. Bg5 Bg7 4. Nbd2 d5 5. Bxf6 exf6 6. e4 dxe4 7. Nxe4 0-0 8. Be2 Re8 9. Ng3 f5 10. 0-0 f4 11. Nh1 b6 12. c3 Bb7 13. Nd2 Nd7 14. Bf3 Qc8 15. Re1 Rxe1+ 16. Qxe1 c5 17. d5 Ne5 18. c4 Qd7 19. Rb1 Re8 20. Qd1 g5 21. h3 f5 22. b3 g4 23. hxg4 fxg4 24. Be4 Qd6 25. Qc2 Qh6 26. Nf1 f3 27. Nh2 fxg2 28. Kxg2 Qh3+ 29. Kg1 Nf3+ 30. Nxf3 gxf3 31. Bxf3 Qxf3 32. Ng3 Bd4 33. Kh2 Re6 34. Qd2 Rg6 35. Re1 Bxf2 36. Re8+ Kf7 37. Qd3 0-1

[Event "Titled Tuesday intern op 02nd Jul Late"]
[Site "Chess.com INT"]
[Date "2024.07.02"]
[Round "2"]
[White "Senthilkumar, Pranav"]
[Black "Marcziter, Dmitrii"]
[Result "0-1"]
[WhiteElo "1912"]
[BlackElo "2204"]
[PlyCount "57"]
[EventDate "2024.07.02"]
[EventType "swiss (blitz)"]
[EventRounds "11"]
[EventCountry "USA"]
[SourceTitle "EXT 2025"]
[Source "ChessBase"]
[SourceDate "2024.10.14"]
[SourceVersion "1"]
[SourceVersionDate "2024.10.14"]
[SourceQuality "1"]

1. Nf3 Nf6 2. Rg1 d5 3. d4 c5 4. h3 Nc6 5. g4 cxd4 6. Nxd4 e5 7. Nxc6 bxc6 8. Bg2 Bc5 9. c4 Be6 10. cxd5 cxd5 11. Nc3 Qb6 12. e3 Rd8 13. g5 Ne4 14. Nxe4 dxe4 15. Qa4+ Bd7 16. Qxe4 Bb4+ 17. Ke2 Bb5+ 18. Kf3 Bc6 19. Kg3 Bxe4 20. Bxe4 0-0 21. a3 Bd6 22. b4 f5 23. gxf6 Rxf6 24. Bb2 Rdf8 25. f3 Qxe3 26. Kh2 Qf4+ 27. Kh1 Rh6 28. Kg2 Qd2+ 29. Kg3 0-1

[Event "Titled Tuesday intern op 02nd Jul Late"]
[Site "Chess.com INT"]
[Date "2024.07.02"]
[Round "9"]
[White "Shapiro, Viktor"]
[Black "Senthilkumar, Pranav"]
[Result "1/2-1/2"]
[WhiteElo "2074"]
[BlackElo "1912"]
[PlyCount "156"]
[EventDate "2024.07.02"]
[EventType "swiss (blitz)"]
[EventRounds "11"]
[EventCountry "USA"]
[SourceTitle "EXT 2025"]
[Source "ChessBase"]
[SourceDate "2024.10.14"]
[SourceVersion "1"]
[SourceVersionDate "2024.10.14"]
[SourceQuality "1"]

1. Nf3 Nf6 2. g3 e6 3. Bg2 d5 4. 0-0 Be7 5. d3 0-0 6. Nbd2 c5 7. c4 dxc4 8. Nxc4 Nc6 9. Bd2 Bd7 10. Nfe5 Be8 11. Nxc6 Bxc6 12. Bxc6 bxc6 13. Qa4 Nd5 14. Qxc6 Rc8 15. Qa6 Nb6 16. Ba5 Qd5 17. Bxb6 axb6 18. Qxb6 Rb8 19. Qc7 Bf6 20. Rab1 Rfc8 21. Qf4 Qa8 22. a3 Qa4 23. Rfc1 h6 24. Qe4 Bg5 25. e3 Bf6 26. Nd6 Qxe4 27. Nxe4 Bxb2 28. Rxc5 Bxa3 29. Rxc8+ Rxc8 30. Rb7 e5 31. g4 Rc2 32. Rb8+ Kh7 33. Rb5 f6 34. Rb7 Kg6 35. h4 h5 36. gxh5+ Kh6 37. Ng3 Bc1 38. Nf5+ Kxh5 39. Rxg7 Bd2 40. Kf1 Bb4 41. Rg3 Rc1+ 42. Ke2 Re1+ 43. Kf3 Rf1 44. Rg2 Rd1 45. Ke4 Bc5 46. f3 Re1 47. Rg4 Bf8 48. d4 exd4 49. Kxd4 Rf1 50. Ke4 Re1 51. f4 Bc5 52. Rg3 Ra1 53. Kf3 Ra3 54. Rg8 Ra1 55. Ke4 Ra4+ 56. Kd5 Bxe3 57. Nxe3 Rxf4 58. Rh8+ Kg6 59. h5+ Kg5 60. h6 Rh4 61. h7 Kg6 62. Rg8+ Kxh7 63. Rg1 Rh3 64. Nf5 Rf3 65. Ke6 Ra3 66. Kf7 Ra7+ 67. Ne7 Kh6 68. Kxf6 Ra6+ 69. Ke5 Ra5+ 70. Nd5 Kh7 71. Ke6 Ra6+ 72. Kf7 Ra7+ 73. Ne7 Kh6 74. Kf6 Ra6+ 75. Ke5 Ra5+ 76. Kf4 Ra4+ 77. Kf5 Ra5+ 78. Kf6 Ra6+ 1/2-1/2

[Event "Titled Tuesday intern op 25th Jun Late"]
[Site "Chess.com INT"]
[Date "2024.06.25"]
[Round "4"]
[White "Senthilkumar, Pranav"]
[Black "Eggleston, Thomas"]
[Result "1-0"]
[WhiteElo "1912"]
[BlackElo "2188"]
[PlyCount "53"]
[EventDate "2024.06.25"]
[EventType "swiss (blitz)"]
[EventRounds "11"]
[EventCountry "USA"]
[SourceTitle "EXT 2025"]
[Source "ChessBase"]
[SourceDate "2024.10.14"]
[SourceVersion "1"]
[SourceVersionDate "2024.10.14"]
[SourceQuality "1"]

1. Nf3 e6 2. d4 f5 3. g3 Nf6 4. Bg2 Be7 5. 0-0 d6 6. c4 0-0 7. Nc3 Ne4 8. Nxe4 fxe4 9. Nd2 d5 10. cxd5 exd5 11. f3 c5 12. fxe4 dxe4 13. Nxe4 cxd4 14. Rxf8+ Bxf8 15. Bg5 Qb6 16. e3 Nc6 17. exd4 Bf5 18. Be3 Qxb2 19. Rb1 Qxa2 20. Rxb7 Na5 21. Rb5 Re8 22. Rxf5 Nc4 23. Qd3 Nxe3 24. Qxe3 Qb1+ 25. Rf1 Qc2 26. Nf6+ gxf6 27. Qxe8 1-0

[Event "Titled Tuesday intern op 18th Jun Late"]
[Site "Chess.com INT"]
[Date "2024.06.18"]
[Round "6"]
[White "Bolourchifard, Farzad"]
[Black "Senthilkumar, Pranav"]
[Result "1-0"]
[WhiteElo "2292"]
[BlackElo "1912"]
[PlyCount "30"]
[EventDate "2024.06.18"]
[EventType "swiss (blitz)"]
[EventRounds "11"]
[EventCountry "USA"]
[SourceTitle "EXT 2025"]
[Source "ChessBase"]
[SourceDate "2024.10.14"]
[SourceVersion "1"]
[SourceVersionDate "2024.10.14"]
[SourceQuality "1"]

1. e4 c5 2. Nc3 e6 3. g3 Nc6 4. Bg2 Nf6 5. Nge2 d5 6. exd5 exd5 7. d4 cxd4 8. Nxd4 Bg4 9. f3 Bh5 10. 0-0 Bc5 11. Re1+ Kd7 12. Bh3+ Kc7 13. Bf4+ Kb6 14. Na4+ Ka5 15. Nxc5 Qb6 1-0

[Event "Titled Tuesday intern op 18th Jun Late"]
[Site "Chess.com INT"]
[Date "2024.06.18"]
[Round "7"]
[White "Senthilkumar, Pranav"]
[Black "Davidson, Kevin"]
[Result "1-0"]
[WhiteElo "1912"]
[BlackElo "2154"]
[PlyCount "161"]
[EventDate "2024.06.18"]
[EventType "swiss (blitz)"]
[EventRounds "11"]
[EventCountry "USA"]
[SourceTitle "EXT 2025"]
[Source "ChessBase"]
[SourceDate "2024.10.14"]
[SourceVersion "1"]
[SourceVersionDate "2024.10.14"]
[SourceQuality "1"]

1. Nf3 Nf6 2. g3 g6 3. Bg2 Bg7 4. 0-0 d6 5. c4 0-0 6. Nc3 e5 7. d3 Nc6 8. Rb1 a5 9. a3 Bf5 10. Nh4 Be6 11. b4 axb4 12. axb4 Qd7 13. b5 Nd8 14. Nf3 Bh3 15. Bb2 Bxg2 16. Kxg2 Ne6 17. Qd2 Nc5 18. h3 Rfe8 19. Ne1 d5 20. cxd5 Nxd5 21. Nxd5 Qxd5+ 22. Kg1 Ra2 23. Nc2 Nb3 24. Qd1 Qxb5 25. Ne3 Qa4 26. Nc4 b6 27. Ba3 Nc5 28. Bxc5 Qxd1 29. Rfxd1 bxc5 30. e4 Bf8 31. Ra1 Rxa1 32. Rxa1 Bd6 33. Kf1 Rb8 34. Ke2 Kf8 35. Ra6 Ke7 36. h4 h5 37. Ra2 Rb1 38. Nd2 Rb4 39. Nc4 Rb1 40. Ne3 Rb3 41. Ra8 Kd7 42. Ra2 Rb4 43. Nd5 Rb3 44. Rc2 Ra3 45. Ne3 Ra4 46. Nc4 Ra1 47. Nd2 Ra4 48. Nf3 Rb4 49. Ng5 Ke7 50. Nf3 Ra4 51. Nd2 Rb4 52. Ke3 Ra4 53. Nb3 Ra3 54. Nxc5 Bxc5+ 55. Rxc5 Kd6 56. Rd5+ Ke6 57. Rc5 Kd6 58. Rc2 c5 59. Ke2 Rb3 60. Ra2 Rb6 61. Kd2 Ke6 62. Kc3 Rd6 63. Ra3 Rb6 64. Rb3 Ra6 65. Rb2 Ra3+ 66. Kc4 Ra4+ 67. Kxc5 Rd4 68. Rb3 Rd8 69. Kb4 Rb8+ 70. Kc3 Rc8+ 71. Kd2 Rd8 72. Ke3 Ke7 73. Rb6 f6 74. f4 exf4+ 75. gxf4 Ra8 76. e5 fxe5 77. fxe5 Kf7 78. Ke4 Ra1 79. Kd5 Rh1 80. Rb7+ Ke8 81. Ke6 1-0

[Event "Titled Tuesday intern op 18th Jun Late"]
[Site "Chess.com INT"]
[Date "2024.06.18"]
[Round "1"]
[White "Senthilkumar, Pranav"]
[Black "Sjugirov, Sanan"]
[Result "0-1"]
[WhiteElo "1912"]
[BlackElo "2661"]
[PlyCount "72"]
[EventDate "2024.06.18"]
[EventType "swiss (blitz)"]
[EventRounds "11"]
[EventCountry "USA"]
[SourceTitle "EXT 2025"]
[Source "ChessBase"]
[SourceDate "2024.10.14"]
[SourceVersion "1"]
[SourceVersionDate "2024.10.14"]
[SourceQuality "1"]

1. Nf3 Nf6 2. d4 e6 3. g3 b5 4. Bg2 Bb7 5. 0-0 Be7 6. a4 b4 7. c4 bxc3 8. Nxc3 0-0 9. Qc2 d5 10. Bf4 a5 11. Ne5 Na6 12. Rac1 Nb4 13. Qd2 Rc8 14. Rfe1 h6 15. h4 c5 16. Nb5 c4 17. Nxc4 Na2 18. Ncd6 Rxc1 19. Rxc1 Nxc1 20. Nxb7 Qb6 21. Nc5 Na2 22. Bc7 Qc6 23. Bxa5 Bxc5 24. dxc5 Qxc5 25. e3 Rc8 26. Bf1 Ne4 27. Qd4 Qc2 28. Be1 Qb1 29. Bc3 Naxc3 30. Nxc3 Rxc3 31. bxc3 Qb2 32. Bg2 Qxf2+ 33. Kh1 Nxg3+ 34. Kh2 Nf1+ 35. Kh1 Nxe3 36. Qg4 Nxg4 0-1